Top 10 einwohnerstärksten Städte NRWs - Statistics

General Stats
  • This quiz has been taken 96 times
  • The average score is 9 of 10
Answer Stats
Hint Answer % Correct
2. Düsseldorf
98%
1. Köln
98%
3. Dortmund
95%
4. Essen
93%
5. Duisburg
89%
9. Bonn
84%
10. Münster
83%
6. Bochum
81%
8. Bielefeld
78%
7. Wuppertal
70%
No matching quizzes found
Score Distribution
Percent of People with Each Score
Percentile by Number Answered
Your Score History
You have not taken this quiz